| 000 | 00977cab a2200253 4500 | ||
|---|---|---|---|
| 001 | ABS43284 | ||
| 008 | 090401t1990 xxu||||| |||| 00| 0 eng d | ||
| 035 | _a(Sirsi) u41213 | ||
| 041 | _aeng | ||
| 100 | _aSimmonds, J.B.C. | ||
| 245 | _aCollateral warranties `pass the parcel` - 1990 style? | ||
| 260 | _c1990 | ||
| 350 | _a0 | ||
| 490 |
_aSolicitors` Journal _v134(37) 14 September 1990, 1022-1026(5) |
||
| 520 | _aThis article traces the evolution of collateral warranties , identifies the beneficiaries and providers of the warranties, discusses problem areas and how they can be resolved, with particular reference to the BPF Form of Agreement for Collateral Warranty and concludes with a brief look at the future role of colllateral warranties. | ||
| 650 | _aDEVELOPMENT | ||
| 650 | _aFINANCIAL INSTITUTIONS | ||
| 650 |
_aInsurance _96249 |
||
| 650 | _aLENDING | ||
| 650 | _aLIABILITY | ||
| 690 | _aBUILT ENVIRONMENT | ||
| 942 | _n0 | ||
| 948 | _c04/03/1997 | ||
| 999 |
_c26479 _d26479 |
||